| 000 | 00849nam a22002057a 4500 | ||
|---|---|---|---|
| 003 | OSt | ||
| 005 | 20250912161157.0 | ||
| 008 | 240208b ||||| |||| 00| 0 eng d | ||
| 040 | _c0 | ||
| 082 | _aDPer 621.381 In821 April 2022 v. 37 n. 4 | ||
| 100 |
_aWang, Bo. _eauthor. _952078 |
||
| 245 |
_aAging condition monitoring for aluminum electrolytic capacitor in variable speed drives / _cBo Wang, Jinlei Meng, and Pinzhi Zhao. |
||
| 260 |
_aNew York ; _bThe Institute of Electrical and Electronics Engineers, Inc. , _c April 2022. |
||
| 300 |
_aVolume 37, pages 4564-4574 : _billustration ; _c28 cm. |
||
| 500 | _aIEEE Transaction on Power Electronics, vol. 37, no. 4,pages 4564-4574 , April 2022. | ||
| 700 |
_aWang, Bo. _eauthor. _952078 |
||
| 700 |
_aMeng, Jinlei. _eauthor. _952079 |
||
| 700 |
_aZhao, Pinzhi. _eauthor. _952080 |
||
| 942 |
_2ddc _cPER |
||
| 999 |
_c19056 _d19056 |
||